[Event "Barcelona Sant Marti op-A 17th"]
[Site "Barcelona"]
[Date "2015.07.17"]
[Round "5"]
[White "Glimbrant, Torbjorn"]
[Black "Aprea, Daniele"]
[Result "1-0"]
[WhiteElo "2197"]
[BlackElo "1923"]
[PlyCount "113"]
[EventDate "2015.07.13"]
[EventType "swiss"]
[EventRounds "9"]
[EventCountry "ESP"]
[SourceTitle "CBM 167 Extra"]
[Source "ChessBase"]
[SourceDate "2015.09.14"]
[SourceVersion "1"]
[SourceVersionDate "2015.09.14"]
[SourceQuality "1"]

1. d4 e6 2. Nf3 f5 3. g3 Nf6 4. Bg2 Be7 5. c4 d6 6. Nc3 0-0 7. 0-0 Qe8 8. Re1 Qg6 9. e4 fxe4 10. Nxe4 Nxe4 11. Rxe4 Nc6 12. Nh4 Qf7 13. Rf4 Bf6 14. Nf3 Qh5 15. g4 Qe8 16. g5 Be7 17. Rxf8+ Qxf8 18. Be3 Kh8 19. Nh4 Qf7 20. Be4 g6 21. Qf3 Qxf3 22. Nxf3 Bd7 23. Rc1 Bf8 24. a3 a5 25. Kg2 Bg7 26. h4 e5 27. d5 Ne7 28. Nd2 Nf5 29. Rh1 Rf8 30. b3 b6 31. Nf1 Kg8 32. Ng3 Be8 33. Bd2 Nd4 34. b4 axb4 35. axb4 Bf7 36. Be3 Nf5 37. Nxf5 gxf5 38. Bxf5 Bxd5+ 39. cxd5 Rxf5 40. Rc1 Rf7 41. Kg3 Rd7 42. Kg4 Rf7 43. Rc4 Re7 44. f3 Rd7 45. b5 Kf7 46. Ra4 Bf8 47. Ra7 Re7 48. Kf5 Ke8 49. Ra8+ Kf7 50. h5 Kg7 51. g6 hxg6+ 52. hxg6 Rd7 53. Bg5 Be7 54. Ke6 Rd8 55. Rxd8 Bxg5 56. Rc8 Kxg6 57. Rxc7 1-0

[Event "Barcelona Sant Marti op-B 16th"]
[Site "Barcelona"]
[Date "2014.07.19"]
[Round "7"]
[White "Aprea, Daniele"]
[Black "Albert Cristobal, Jorge"]
[Result "1/2-1/2"]
[WhiteElo "2077"]
[BlackElo "1993"]
[PlyCount "132"]
[EventDate "2014.07.13"]
[EventType "swiss"]
[EventRounds "9"]
[EventCountry "ESP"]
[SourceTitle "CBM 161 Extra"]
[Source "ChessBase"]
[SourceDate "2014.08.29"]
[SourceVersion "1"]
[SourceVersionDate "2014.08.29"]
[SourceQuality "1"]

1. d4 Nf6 2. Nf3 e6 3. Bf4 c5 4. e3 Nc6 5. h3 Be7 6. Bd3 d5 7. c3 c4 8. Bc2 Bd6 9. 0-0 Bxf4 10. exf4 Bd7 11. Ne5 Qe7 12. Nd2 g6 13. Re1 Nxe5 14. fxe5 Nh5 15. Nf3 0-0 16. g4 Ng7 17. g5 Nf5 18. Qd2 Kg7 19. Qf4 Rh8 20. Bxf5 exf5 21. Re3 Be6 22. Kg2 Rae8 23. Rh1 Qd8 24. Rhe1 h5 25. gxh6+ Rxh6 26. Ng5 Rh5 27. h4 Reh8 28. Rh3 Qb6 29. Re2 Qa6 30. a3 Qb6 31. Kg3 Qb3 32. Qc1 a5 33. f4 Qb6 34. Reh2 Qa7 35. Nf3 b5 36. Nd2 Qb7 37. Kf3 g5 38. Rg2 g4+ 39. Kf2 Kf8 40. Rhh2 Qe7 41. Qh1 b4 42. axb4 axb4 43. Kg3 b3 44. Nf1 Kg7 45. Rd2 f6 46. exf6+ Kxf6 47. Rde2 Qd6 48. Ne3 Qd8 49. Qe1 Re8 50. Ng2 Bf7 51. Rxe8 Qxe8 52. Qxe8 Bxe8 53. Rh1 Rh7 54. Re1 Re7 55. Rxe7 Kxe7 56. Ne3 Ke6 57. Kf2 Bh5 58. Nf1 Kf6 59. Ng3 Bf7 60. Kg2 Be6 61. Nf1 Kg6 62. Kg3 Kh6 63. Ne3 Kh5 64. Ng2 Kh6 65. Kf2 Kh5 66. Kg3 Kh6 1/2-1/2

[Event "Barcelona Sant Marti op-B 16th"]
[Site "Barcelona"]
[Date "2014.07.18"]
[Round "6"]
[White "Lozano Diaz, Antoni"]
[Black "Aprea, Daniele"]
[Result "1/2-1/2"]
[WhiteElo "2015"]
[BlackElo "2077"]
[PlyCount "39"]
[EventDate "2014.07.13"]
[EventType "swiss"]
[EventRounds "9"]
[EventCountry "ESP"]
[SourceTitle "CBM 161 Extra"]
[Source "ChessBase"]
[SourceDate "2014.08.29"]
[SourceVersion "1"]
[SourceVersionDate "2014.08.29"]
[SourceQuality "1"]

1. d4 e6 2. c4 f5 3. Nf3 Nf6 4. Nc3 Bb4 5. Qb3 a5 6. a3 Bxc3+ 7. Qxc3 0-0 8. g3 d6 9. Bg2 Qe8 10. 0-0 Nbd7 11. b4 Ne4 12. Qb2 Qh5 13. Nd2 Nxd2 14. Qxd2 axb4 15. Bf3 Qg6 16. Qxb4 Nf6 17. Qd2 e5 18. dxe5 dxe5 19. Bg2 f4 20. Bb2 1/2-1/2

[Event "Barcelona Sant Marti op-B 15th"]
[Site "Barcelona"]
[Date "2013.07.14"]
[Round "2"]
[White "Aprea, Daniele"]
[Black "Fernandez Benito, Francisco Javier"]
[Result "1-0"]
[WhiteElo "1945"]
[BlackElo "1702"]
[PlyCount "29"]
[EventDate "2013.07.13"]
[EventType "swiss"]
[EventRounds "9"]
[EventCountry "ESP"]
[SourceTitle "CBM 155 Extra"]
[Source "ChessBase"]
[SourceDate "2013.08.26"]
[SourceVersion "1"]
[SourceVersionDate "2013.08.26"]
[SourceQuality "1"]

1. d4 d5 2. c4 Nf6 3. cxd5 Qxd5 4. Nc3 Qd8 5. e4 e6 6. Nf3 c5 7. d5 a6 8. Bg5 h6 9. Bh4 g5 10. Bg3 Bg7 11. a4 0-0 12. Bd3 exd5 13. exd5 Nxd5 14. Nxd5 Qxd5 15. Bh7+ 1-0

[Event "Barbera del Valles op 35th"]
[Site "Barbera del Valles"]
[Date "2012.07.05"]
[Round "2"]
[White "Aprea, Daniele"]
[Black "Gonzalez Perez, Arian"]
[Result "0-1"]
[WhiteElo "1942"]
[BlackElo "2452"]
[PlyCount "70"]
[EventDate "2012.07.04"]
[EventType "swiss"]
[EventRounds "9"]
[EventCountry "ESP"]
[SourceTitle "CBM 149 Extra"]
[Source "ChessBase"]
[SourceDate "2012.08.24"]
[SourceVersion "1"]
[SourceVersionDate "2012.08.24"]
[SourceQuality "1"]

1. d4 f5 2. Nc3 Nf6 3. Bg5 d5 4. Bxf6 exf6 5. e3 Nc6 6. Qf3 Be6 7. Bb5 Qd6 8. Nge2 0-0-0 9. Nf4 Bf7 10. Nd3 g6 11. 0-0 h5 12. Rfb1 h4 13. h3 Ne7 14. Nc5 f4 15. e4 c6 16. a4 cxb5 17. Nxb5 Qb6 18. c4 dxc4 19. b3 Nc6 20. Qg4+ f5 21. exf5 Nxd4 22. fxg6+ Be6 23. Nxe6 Qxe6 24. g7 Bxg7 25. Qxg7 Nxb5 26. axb5 Rhg8 27. Qc3 Rd3 28. Qxc4+ Qxc4 29. bxc4 f3 30. g4 hxg3 31. Rxa7 gxf2+ 32. Kxf2 Rg2+ 33. Kf1 Rdd2 34. Rba1 Rh2 35. Ke1 Rde2+ 0-1

[Event "Barcelona ASPE op 1st"]
[Site "Barcelona"]
[Date "2011.05.17"]
[Round "7"]
[White "Arshad Bakhtiari, Fatollah"]
[Black "Aprea, Daniele"]
[Result "1-0"]
[WhiteElo "2071"]
[BlackElo "1872"]
[PlyCount "107"]
[EventDate "2011.04.05"]
[EventType "swiss"]
[EventRounds "9"]
[EventCountry "ESP"]
[SourceTitle "CBM 142 Extra"]
[Source "ChessBase"]
[SourceDate "2011.06.27"]
[SourceVersion "1"]
[SourceVersionDate "2011.06.27"]
[SourceQuality "1"]

1. d4 d5 2. Nf3 Bf5 3. c4 c6 4. cxd5 Bxb1 5. Rxb1 Qxd5 6. b3 e6 7. Bd2 Nf6 8. e3 Be7 9. Bc4 Qd8 10. 0-0 Nbd7 11. b4 0-0 12. Qc2 Qc7 13. Bd3 e5 14. dxe5 Nxe5 15. Nxe5 Qxe5 16. Bc3 Qh5 17. Bxf6 Bxf6 18. b5 c5 19. Be4 Rab8 20. Rfd1 Rfd8 21. Rxd8+ Bxd8 22. Rd1 g6 23. Rd5 Qh4 24. g3 Qe7 25. Rxc5 Bb6 26. Rc8+ Rxc8 27. Qxc8+ Kg7 28. Qxb7 Qxb7 29. Bxb7 Kf6 30. Bd5 Ke7 31. Kf1 f6 32. Ke2 Kd6 33. Bc4 Kc5 34. Kd3 h6 35. e4 Kb4 36. f4 Bg1 37. e5 fxe5 38. fxe5 Kc5 39. e6 Kd6 40. h3 Bf2 41. g4 h5 42. gxh5 gxh5 43. Ke4 Bb6 44. Kf5 Bd8 45. Kg6 h4 46. Kf7 Kc5 47. Bb3 Kd6 48. a4 Be7 49. Ke8 Bg5 50. Kf7 Be7 51. a5 Bg5 52. b6 axb6 53. a6 Kc7 54. Bc4 1-0

[Event "Barcelona ASPE op 1st"]
[Site "Barcelona"]
[Date "2011.05.03"]
[Round "5"]
[White "Leiro Giralt, Daniel"]
[Black "Aprea, Daniele"]
[Result "1/2-1/2"]
[WhiteElo "2246"]
[BlackElo "1872"]
[PlyCount "34"]
[EventDate "2011.04.05"]
[EventType "swiss"]
[EventRounds "9"]
[EventCountry "ESP"]
[SourceTitle "CBM 142 Extra"]
[Source "ChessBase"]
[SourceDate "2011.06.27"]
[SourceVersion "1"]
[SourceVersionDate "2011.06.27"]
[SourceQuality "1"]

1. e4 e6 2. d4 d5 3. Nc3 Nc6 4. Nge2 Nf6 5. Bg5 Be7 6. e5 Nd7 7. Bxe7 Qxe7 8. Nc1 f6 9. exf6 Qxf6 10. Nb3 0-0 11. Qd2 Nb6 12. Rd1 a6 13. Bd3 e5 14. dxe5 Nxe5 15. 0-0 Bh3 16. Qe3 Bd7 17. Be2 Rae8 1/2-1/2

[Event "Sentjur Ipavec Memorial 11th"]
[Site "Sentjur"]
[Date "2010.09.22"]
[Round "8"]
[White "Aprea, Daniele"]
[Black "Unuk, Laura"]
[Result "1-0"]
[WhiteElo "1827"]
[BlackElo "1730"]
[PlyCount "98"]
[EventDate "2010.09.17"]
[EventType "swiss"]
[EventRounds "9"]
[EventCountry "SLO"]
[SourceTitle "CBM 138 Extra"]
[Source "ChessBase"]
[SourceDate "2010.10.29"]
[SourceVersion "1"]
[SourceVersionDate "2010.10.29"]
[SourceQuality "1"]

1. d4 Nf6 2. c4 g6 3. Nc3 Bg7 4. e4 d6 5. Nf3 0-0 6. Be2 e5 7. 0-0 Nc6 8. d5 Ne7 9. Nd2 Ne8 10. b4 f5 11. a4 Nf6 12. f3 f4 13. c5 g5 14. Ba3 h5 15. h3 Kf7 16. Rc1 a6 17. cxd6 cxd6 18. Nc4 Ne8 19. a5 Bd7 20. Nb6 Rb8 21. Nxd7 Qxd7 22. Na4 Nf6 23. Nb6 Qd8 24. Qc2 Ne8 25. b5 Kg8 26. bxa6 bxa6 27. Rf2 Rxb6 28. axb6 Qxb6 29. Qc4 a5 30. Qb5 Qe3 31. Qxa5 Bf6 32. Qc3 Qa7 33. Bb5 g4 34. Kf1 g3 35. Ra2 Qb6 36. Rb2 Qa7 37. Bxe8 Rxe8 38. Qd3 Nc8 39. Bb4 Be7 40. Be1 Nb6 41. Qb5 Rb8 42. Rc6 Nd7 43. Qe2 Nc5 44. Rxb8+ Qxb8 45. Qa2 Qb5+ 46. Qe2 Qb7 47. Qc4 h4 48. Qb4 Qa7 49. Qb5 Kf7 1-0